অবরুদ্ধ সংবাদপত্র '৭১ এবং স্বাধীনতা যুদ্ধে বাংলাদেশে সশস্ত্র বাহিনীর রণনীতি ও রণকৌশল = Captive Press '71 and War Strategy of Bangladesh liberation Forces in 1971/ (Record no. 32225)
[ view plain ]
| 000 -LEADER | |
|---|---|
| fixed length control field | 01152nam a2200229 a 4500 |
| 001 - CONTROL NUMBER | |
| control field | 32225 |
| 003 - CONTROL NUMBER IDENTIFIER | |
| rucl marc code | BD-RjUL |
| 005 - DATE AND TIME OF LATEST TRANSACTION | |
| control field | 20211209051814.0 |
| 008 - FIXED-LENGTH DATA ELEMENTS--GENERAL INFORMATION | |
| fixed length control field | 180909s1983 bg 000 0 ben |
| 020 ## - INTERNATIONAL STANDARD BOOK NUMBER | |
| Terms of availability | : Tk. 46.00 |
| 035 ## - SYSTEM CONTROL NUMBER | |
| System control number | (BD-RjUL)32314 |
| 040 ## - CATALOGING SOURCE | |
| Original cataloging agency | BD-RjUL |
| Transcribing agency | BD-RjUL |
| Modifying agency | BD-RjUL |
| -- | BD-RjUL |
| Language of cataloging | ben |
| 041 ## - LANGUAGE CODE | |
| Language code of text/sound track or separate title | ben |
| 082 ## - DEWEY DECIMAL CLASSIFICATION NUMBER | |
| Classification number | 954.9205 |
| Edition number | 23 |
| Author mark and year | MOA |
| 100 1# - MAIN ENTRY--PERSONAL NAME | |
| Personal name | মোরশেদ, হেদায়েত হোসাইন |
| 9 (RLIN) | 222367 |
| 245 ## - TITLE STATEMENT | |
| Title | অবরুদ্ধ সংবাদপত্র '৭১ এবং স্বাধীনতা যুদ্ধে বাংলাদেশে সশস্ত্র বাহিনীর রণনীতি ও রণকৌশল = Captive Press '71 and War Strategy of Bangladesh liberation Forces in 1971/ |
| Statement of responsibility, etc. | হেদায়েত হোসাইন মোরশেদ |
| 260 ## - PUBLICATION, DISTRIBUTION, ETC. (IMPRINT) | |
| Place of publication, distribution, etc. | ঢাকা : |
| Name of publisher, distributor, etc. | নসাস, |
| Date of publication, distribution, etc. | ১৯৮৩ |
| 300 ## - PHYSICAL DESCRIPTION | |
| Pagination | ১৭৫, [১] পৃ. : |
| Illustrations | চিত্র; |
| Size | ২১ সেমি. |
| 651 ## - SUBJECT ADDED ENTRY--GEOGRAPHIC NAME | |
| Geographic name | বাংলাদেশ |
| General subdivision | মুক্তিযুদ্ধ |
| -- | ইতিহাস |
| 9 (RLIN) | 222368 |
| Geographic name | Bangladesh |
| General subdivision | Liberation war |
| -- | History |
| 9 (RLIN) | 222369 |
| 942 ## - ADDED ENTRY ELEMENTS (KOHA) | |
| Source of classification or shelving scheme | Dewey Decimal Classification |
| Koha item type | Books |
| Lost status | Source of classification or shelving scheme | Damaged status | Not for loan | Collection code | Permanent Location | Current Location | Shelving location | Date acquired | Total Checkouts | Full call number | Date last seen | Copy number | Koha item type |
|---|---|---|---|---|---|---|---|---|---|---|---|---|---|
| Dewey Decimal Classification | Not For Loan | Non-fiction | Central Library, University of Rajshahi | Central Library, University of Rajshahi | Reading Room | 10/09/2018 | B 954.9205 MOA | 10/09/2018 | C-1 | Books |